00482nam a2200145 a 4500008004100000020001500041050001500056100001800071245011600089260003300205300002100238350000900259650002900268650003900297120416s1981 ||||||||||||||||| || u a9061910919 aSB 438 COU aCourt, Doreen10aSucculent flora of Southern Africa: a comprehensive and authoritative guide to 164 genera in nine family groups aRotterdambA.A.Balkemac1981 axvi, 224p. : ill a0.00 aBOTANY--AFRICA, SOUTHERN aSUCCULENT PLANTS--AFRICA, SOUTHERN